Raghuvīra-śraddhāñjali / (Record no. 63724)

MARC details
000 -LEADER
fixed length control field 00911cam a22002651a 4500
001 - CONTROL NUMBER
control field sa 65004391
003 - CONTROL NUMBER IDENTIFIER
control field DLC
005 - DATE AND TIME OF LATEST TRANSACTION
control field 20260227112130.0
008 - FIXED-LENGTH DATA ELEMENTS--GENERAL INFORMATION
fixed length control field 810720s1965 ii acf 010 0 hino
010 ## - LIBRARY OF CONGRESS CONTROL NUMBER
LC control number sa 65004391
035 ## - SYSTEM CONTROL NUMBER
System control number (OCoLC)7598944
040 ## - CATALOGING SOURCE
Original cataloging agency DLC
Transcribing agency DLC
041 0# - LANGUAGE CODE
Language code of text/sound track or separate title hin
-- eng
050 00 - LIBRARY OF CONGRESS CALL NUMBER
Classification number CT1508.R24
Item number R35 1965
245 00 - TITLE STATEMENT
Title Raghuvīra-śraddhāñjali /
Statement of responsibility, etc. saṃpādaka-maṇḍala, Kākāsāheba Kālelakara ... [et al.].
260 ## - PUBLICATION, DISTRIBUTION, ETC.
Place of publication, distribution, etc. New Delhi :
Name of publisher, distributor, etc. International Academy of Indian Culture,
Date of publication, distribution, etc. 1965.
300 ## - PHYSICAL DESCRIPTION
Extent 30, 478 p., [48] leaves of plates :
Other physical details ill., ports. ;
Dimensions 29 cm.
490 1# - SERIES STATEMENT
Series statement Śata-piṭaka series ;
Volume/sequential designation v. 35 =
Series statement Śatapiṭakam
546 ## - LANGUAGE NOTE
Language note In Hindi and English.
600 00 - SUBJECT ADDED ENTRY--PERSONAL NAME
Personal name Raghu Vira.
700 0# - ADDED ENTRY--PERSONAL NAME
Personal name Raghu Vira.
700 1# - ADDED ENTRY--PERSONAL NAME
Personal name Kalelkar, Dattatraya Balakrishna,
Dates associated with a name 1885-
710 2# - ADDED ENTRY--CORPORATE NAME
Corporate name or jurisdiction name as entry element International Academy of Indian Culture.
830 #0 - SERIES ADDED ENTRY--UNIFORM TITLE
Uniform title Śata-piṭaka series ;
Volume/sequential designation v. 35.

No items available.

Powered by Koha